00838nam a2200217 a 450000100060000000300080000600500170001400800410003103500190007204000410009104100080013206000230014008200240016311000430018724502340023026000440046430000210050850400300052965000250055970000360058446876BD-RjUL20211209054225.0160804s1956 nyu b 100 0 eng  a(BD-RjUL)46995 aDLCcODaWUdOCoLCdDLCdBD-RjULbeng aeng aWM430b.A512g 1955 a360.4223bGRO 19562 aAmerican Association of Group Workers.10aGroup work in the psychiatric setting /cproceedings of an institute conducted by the American Association of Group Workers, June 27-July 2, 1955, the Shades Inn, Shades State Park, Waveland, Indiana. Harleigh B. Trecker, editor. aNew York :bWhiteside and Morrow,c1956 a224 p. ;c21 cm. aBibliography: p. 185-218. 0aGroup psychotherapy.1 aTrecker, Harleigh Bradley,eed.